000 00498nam a22001817a 4500
005 20260209135806.0
008 260209b |||||||| |||| 00| 0 eng d
020 _a0749429399
040 _aMMSU
_cULS
050 _aHF 5549.5 S53 1999 REF
100 _aSheal, Peter
245 _aThe staff development handbook /
_cPeter Sheal
260 _aUK :
_bKogan Page ;
_c1999.
300 _a227 pages :
_c22 cm.
500 _aIncludes index
650 _aStaff development handbook
942 _2lcc
_cBK
999 _c28840
_d28840